000 00430nam a2200169Ia 4500
008 230524s9999 xx 000 0 und d
082 _bSIV
100 _aS.Sivanagaraju
_942003
245 0 _aElectrical Power Distribution & Automation
250 _a1
260 _aNew Delhi
_bDhanpat rai
_c2012
300 _a"XI,227p;"
500 _aQuantity Number: 1
650 _aElectrical
700 _aV.Sankar
_942004
942 _cBK
999 _c56416
_d56416